| 000 | 008430000a22002650004500 | ||
|---|---|---|---|
| 001 | 63 | ||
| 003 | CO-MdFUSB | ||
| 005 | 20160513160850.0 | ||
| 008 | 160513t1983 sp ||||f |||| 00| 0 spa d | ||
| 040 |
_aCO-MdFUSB _bEspañol _cCO-MdFUSB _dCO-MdFUSB |
||
| 041 | 0 | _aspa | |
| 082 | 0 | 4 | _aR 220.3 R186d |
| 100 | 1 | _aRand, W. W. | |
| 245 | 1 | 0 |
_aDiccionario de la Santa Biblia, para uso general en el estudio de las Escrituras _c/ W. W. Rand. |
| 260 | _aNew York, USA : Sociedad Americana de Tratados | ||
| 264 |
_aNew York, USA _b : Sociedad Americana de Tratados _c1983 |
||
| 300 | _a768 Pag. | ||
| 336 |
_2rdacontent _a1 _ba1 |
||
| 337 |
_2rdamedia _a2 _b5 |
||
| 338 |
_2rdacarrier _a2 _b5 |
||
| 500 | _aContiene grabados, tablas y mapas. | ||
| 505 | _a1. Teología 2. Historia 3. Biblia | ||
| 653 |
_aBIBLIA _a - DICCIONARIOS |
||
| 942 | _cBK | ||
| 999 |
_c31615 _d31615 |
||